[Event "U.S. Open"]
[Site "Jacksonville, Fla."]
[Date "1990.08.06"]
[Round "2"]
[White "DeFotis, Greg"]
[Black "Moody, David"]
[Result "1-0"]
[WhiteElo "2462"]
[BlackElo "2112"]
[PlyCount "65"]
[EventDate "1990.08.05"]

1. d4 Nf6 2. g3 g6 3. Bg2 Bg7 4. c4 c5 5. d5 e6 6. Nc3 exd5 7. cxd5 d6 8. Nf3
O-O 9. O-O Re8 10. Bf4 Ne4 11. Nxe4 Rxe4 12. Nd2 Rb4 13. a3 Rxb2 14. Nc4 b5 15.
Nxb2 Bxb2 16. Rb1 Bxa3 17. Rxb5 Bb4 18. Qa1 g5 19. Be3 Bd7 20. Rb7 a5 21. h4 h6
22. hxg5 hxg5 23. Be4 f6 24. Kg2 Bh3+ 25. Kxh3 Qc8+ 26. Kg2 Qxb7 27. Qxf6 Qg7
28. Qd8+ Qf8 29. Qxg5+ Qg7 30. Qd8+ Qf8 31. Bh7+ Kf7 32. Qc7+ Kf6 33. Rh1 1-0

[Event "US Open Quads 1"]
[Site "Jacksonville, Fla."]
[Date "1990.08.06"]
[Round "2"]
[White "Cohen, Harry"]
[Black "Moody, David"]
[Result "0-1"]
[WhiteElo "2071"]
[BlackElo "2112"]
[PlyCount "76"]
[EventDate "1990.08.06"]

1. c4 e5 2. g3 f5 3. Bg2 Nf6 4. Nc3 Nc6 5. e3 d6 6. Nge2 Be7 7. O-O O-O 8. d4
Qe8 9. Nd5 Nxd5 10. cxd5 Nd8 11. dxe5 dxe5 12. f4 Nf7 13. Qc2 Bd6 14. fxe5 Nxe5
15. Nd4 Ng4 16. Nxf5 Bxf5 17. Rxf5 Nxe3 18. Rxf8+ Bxf8 19. Bxe3 Qxe3+ 20. Kh1
Bd6 21. Rf1 Qe5 22. b3 Re8 23. a4 Qh5 24. Qf2 Rf8 25. Qe1 Rxf1+ 26. Bxf1 Qxd5+
27. Bg2 Qxb3 28. Qe8+ Bf8 29. h4 Qf7 30. Qb8 g6 31. Qxa7 Qb3 32. Bxb7 Qxg3 33.
Bd5+ Kg7 34. Qd4+ Kh6 35. Qd2+ Kh5 36. Qg5+ Qxg5 37. hxg5 Kxg5 38. a5 Bc5 0-1

[Event "U.S. Open"]
[Site "Jacksonville, Fla."]
[Date "1990.08.07"]
[Round "3"]
[White "Moody, David"]
[Black "Rosenberg, Jay"]
[Result "1-0"]
[WhiteElo "2112"]
[BlackElo "1894"]
[PlyCount "45"]
[EventDate "1990.08.05"]

1. e4 c5 2. Nf3 Nc6 3. d4 cxd4 4. Nxd4 g6 5. Nc3 Bg7 6. Be3 a6 7. Bc4 e6 8. Qd2
Nge7 9. O-O-O b5 10. Bb3 Bb7 11. f3 Qc7 12. Ndxb5 axb5 13. Nxb5 Qe5 14. Qxd7+
Kf8 15. Nc3 Qb8 16. Bc5 Qc8 17. Nb5 Ba6 18. Nc7 Bh6+ 19. Kb1 Qxd7 20. Rxd7 Bb7
21. Nxa8 Bxa8 22. Ba4 Bg5 23. f4 1-0

[Event "US Open Quads 2"]
[Site "Jacksonville, Fla."]
[Date "1990.08.07"]
[Round "2"]
[White "Moody, David"]
[Black "Harmon, Clark"]
[Result "1-0"]
[WhiteElo "2112"]
[BlackElo "2186"]
[PlyCount "81"]
[EventDate "1990.08.07"]

1. e4 c6 2. d4 d5 3. exd5 cxd5 4. Bd3 Nc6 5. c3 Qc7 6. Nf3 Bg4 7. Be3 Nf6 8.
Nbd2 e6 9. Qa4 Bd6 10. O-O O-O 11. Bg5 Nd7 12. Qc2 h6 13. Bh4 a6 14. Rfe1 b5
15. h3 Bxf3 16. Nxf3 b4 17. c4 dxc4 18. Bxc4 Na5 19. b3 Rfc8 20. Rac1 Bf4 21.
Bg3 Bxg3 22. fxg3 Qxg3 23. Qd2 Nxc4 24. bxc4 a5 25. Re3 Qf4 26. Rf1 Rxc4 27.
Ne5 Rxd4 28. Qe1 Qg5 29. Nxf7 Qh5 30. Rxe6 Nf6 31. Qg3 Kxf7 32. Re5 Qh4 33. Qe3
Rd7 34. Rf4 Rd1+ 35. Kh2 Qxf4+ 36. Qxf4 Rad8 37. Qc4+ Kf8 38. Rxa5 R1d4 39.
Qc5+ Kg8 40. Ra7 R4d6 41. Qxb4 1-0

[Event "US Open Quads 2"]
[Site "Jacksonville, Fla."]
[Date "1990.08.07"]
[Round "3"]
[White "Moody, David"]
[Black "Calton, Bill"]
[Result "0-1"]
[WhiteElo "2112"]
[BlackElo "2076"]
[PlyCount "86"]
[EventDate "1990.08.07"]

1. e4 g6 2. d4 d6 3. Nf3 Bg7 4. Bc4 Nf6 5. Nc3 a6 6. O-O O-O 7. Bg5 c6 8. Qe2
Qc7 9. Rfe1 e5 10. Rad1 Nbd7 11. dxe5 dxe5 12. Qd2 b5 13. Bf1 Re8 14. Qd6 Ra7
15. g3 Bf8 16. Qd2 Bb7 17. Bh3 Ba8 18. Re3 h6 19. Bxf6 Nxf6 20. Rd3 Bb7 21. Rd8
Ra8 22. Rxa8 Rxa8 23. Qd3 Re8 24. Nh4 Bc8 25. Bxc8 Qxc8 26. Kg2 Qe6 27. a3 Bc5
28. b4 Bf8 29. Ne2 Kg7 30. Nc1 Be7 31. Nb3 Rd8 32. Nc5 Qg4 33. Qxd8 Bxd8 34.
Rxd8 Nxe4 35. f3 Qg5 36. Ne6+ fxe6 37. Rd7+ Kf6 38. fxe4 Qc1 39. Kh3 Qf1+ 40.
Ng2 g5 41. Rd2 h5 42. c3 Kg6 43. Ra2 g4+ 0-1

[Event "US Open Quads 2"]
[Site "Jacksonville, Fla."]
[Date "1990.08.07"]
[Round "1"]
[White "Maynard, Dewey"]
[Black "Moody, David"]
[Result "0-1"]
[WhiteElo "2172"]
[BlackElo "2112"]
[PlyCount "64"]
[EventDate "1990.08.07"]

1. d4 Nf6 2. c4 c5 3. d5 e6 4. Nc3 exd5 5. cxd5 d6 6. e4 g6 7. Bf4 Bg7 8. Bd3
O-O 9. h3 Re8 10. Nge2 Nh5 11. Bh2 Be5 12. Bxe5 Rxe5 13. g4 Nf6 14. f4 Re8 15.
Qd2 b5 16. Bxb5 Nxe4 17. Nxe4 Rxe4 18. O-O Qh4 19. Nc3 Rd4 20. Qg2 h5 21. Rae1
Na6 22. Re8+ Kg7 23. Rxc8 Rxc8 24. Bxa6 Re8 25. Be2 Re3 26. Kh2 Rd2 27. Rf3 Re8
28. b3 hxg4 29. Rg3 gxh3 30. Qf2 Qf6 31. Qf3 Qd4 32. f5 Qe5 0-1

[Event "US Open Quads 3"]
[Site "Jacksonville, Fla."]
[Date "1990.08.08"]
[Round "3"]
[White "Moody, David"]
[Black "Goldman, Matthew"]
[Result "1-0"]
[WhiteElo "2112"]
[BlackElo "2138"]
[PlyCount "72"]
[EventDate "1990.08.08"]

1. Nf3 d5 2. c4 Nf6 3. b3 Bf5 4. Bb2 e6 5. d3 h6 6. Nbd2 c6 7. g3 Be7 8. Bg2
O-O 9. O-O Bh7 10. Ne5 Nbd7 11. Ndf3 Qc7 12. Rc1 Rae8 13. Qd2 Bd6 14. d4 Ne4
15. Qd1 f6 16. Ng4 Qb8 17. Nd2 Nxd2 18. Qxd2 g5 19. Nxh6+ Kg7 20. Ng4 Rh8 21.
h4 Bf5 22. Ne3 gxh4 23. cxd5 cxd5 24. Nxf5+ exf5 25. Bxd5 hxg3 26. fxg3 Bxg3
27. Rxf5 Bh2+ 28. Kf1 Qg3 29. Bg2 Re3 30. Rc7 Re7 31. Rxb7 Rhe8 32. d5 Rxe2 33.
Bxf6+ Kg6 34. Qxe2 Rxe2 35. Rg5+ Qxg5 36. Bxg5 Rxa2 1-0

[Event "US Open Quads 3"]
[Site "Jacksonville, Fla."]
[Date "1990.08.08"]
[Round "1"]
[White "Moody, David"]
[Black "Calton, Bill"]
[Result "0-1"]
[WhiteElo "2112"]
[BlackElo "2076"]
[PlyCount "58"]
[EventDate "1990.08.08"]

1. e4 g6 2. d4 d6 3. Nc3 Bg7 4. f4 c6 5. Nf3 Nd7 6. Bc4 b5 7. Bxf7+ Kxf7 8.
Ng5+ Ke8 9. Ne6 Qb6 10. Nxg7+ Kf7 11. Nh5 b4 12. f5 bxc3 13. fxg6+ hxg6 14.
O-O+ Ngf6 15. Nxf6 exf6 16. bxc3 Ba6 17. Rf2 Qa5 18. Qg4 Rad8 19. Bg5 Kg7 20.
Qe6 Rhf8 21. Qe7+ Rf7 22. Bh6+ Kg8 23. Qxd6 Qxc3 24. Rb1 Re8 25. e5 Qc4 26.
exf6 Qe6 27. Qg3 Qe1+ 28. Rf1 Qxg3 29. hxg3 Bxf1 0-1

[Event "U.S. Open"]
[Site "Jacksonville, Fla."]
[Date "1990.08.08"]
[Round "4"]
[White "Davidson, Ken"]
[Black "Moody, David"]
[Result "1-0"]
[WhiteElo "1675"]
[BlackElo "2112"]
[PlyCount "51"]
[EventDate "1990.08.05"]

1. e4 e5 2. Nf3 Nc6 3. Bc4 Nf6 4. Ng5 d5 5. exd5 Na5 6. Bb5+ c6 7. dxc6 bxc6 8.
Be2 h6 9. Nf3 e4 10. Ne5 Bd6 11. f4 Qc7 12. d4 exd3 13. Bxd3 Bxe5 14. fxe5 Bg4
15. Qd2 Nd5 16. O-O O-O 17. Nc3 Qxe5 18. Nxd5 Qxd5 19. Qb4 Be6 20. b3 c5 21.
Qf4 c4 22. Be4 Qd7 23. Bxa8 Rxa8 24. Bb2 Nc6 25. Rad1 Qb7 26. Qg3 1-0

[Event "US Open Quads 3"]
[Site "Jacksonville, Fla."]
[Date "1990.08.08"]
[Round "2"]
[White "Cohen, Harry"]
[Black "Moody, David"]
[Result "1-0"]
[WhiteElo "2071"]
[BlackElo "2112"]
[PlyCount "43"]
[EventDate "1990.08.08"]

1. c4 e5 2. g3 f5 3. Bg2 Nf6 4. Nc3 Be7 5. d3 Nc6 6. e4 d6 7. f4 O-O 8. Nf3
fxe4 9. dxe4 Bg4 10. h3 Bh5 11. g4 Nxg4 12. hxg4 Bxg4 13. f5 Nd4 14. Qd3 Bxf3
15. Bxf3 Bh4+ 16. Kd1 g6 17. Ne2 c5 18. Nxd4 cxd4 19. Bh6 Rf7 20. Kc2 g5 21.
Rag1 Qf6 22. Rxh4 1-0

[Event "U.S. Open"]
[Site "Jacksonville, Fla."]
[Date "1990.08.09"]
[Round "5"]
[White "Moody, David"]
[Black "Schlich, Ernest"]
[Result "1-0"]
[WhiteElo "2112"]
[BlackElo "1838"]
[PlyCount "95"]
[EventDate "1990.08.05"]

1. e4 d5 2. Nc3 d4 3. Nce2 e5 4. Ng3 Be6 5. Nf3 Nd7 6. d3 Ngf6 7. Be2 Bb4+ 8.
Bd2 Bxd2+ 9. Qxd2 c5 10. Ng5 Bg4 11. Bxg4 Nxg4 12. Nf5 Qf6 13. O-O g6 14. Ng3
Qc6 15. h3 Ngf6 16. f4 O-O 17. fxe5 Nxe5 18. Qf4 Nfd7 19. Qh4 h5 20. Ne2 f6 21.
Nf3 Rf7 22. Rf2 Raf8 23. Raf1 Qd6 24. Qg3 Nxf3+ 25. Qxf3 f5 26. exf5 b6 27. Qg3
Qxg3 28. Nxg3 h4 29. Ne4 Rxf5 30. Rxf5 gxf5 31. Ng5 Ne5 32. Nf3 Ng6 33. Re1 Rf7
34. Kf2 Kg7 35. Ng5 Re7 36. Rxe7+ Nxe7 37. Nf3 Ng6 38. g3 hxg3+ 39. Kxg3 Kf6
40. h4 b5 41. b4 c4 42. dxc4 bxc4 43. Nxd4 Ke5 44. Nf3+ Ke4 45. h5 Nf4 46. Nd2+
Ke3 47. Nxc4+ Ke4 48. Nd6+ 1-0

[Event "U.S. Open"]
[Site "Jacksonville, Fla."]
[Date "1990.08.10"]
[Round "6"]
[White "Nguyen, Thao"]
[Black "Moody, David"]
[Result "0-1"]
[WhiteElo "1634"]
[BlackElo "2112"]
[PlyCount "44"]
[EventDate "1990.08.05"]

1. e4 e5 2. Nf3 Nc6 3. Bc4 Nf6 4. Nc3 Nxe4 5. Bxf7+ Kxf7 6. Nxe4 d5 7. Neg5+
Kg8 8. c3 e4 9. Nxe4 Qe8 10. O-O dxe4 11. Re1 h6 12. d3 Bg4 13. Rxe4 Qh5 14.
Qb3+ Kh7 15. Rxg4 Qxg4 16. Qxb7 Ne5 17. Qxa8 c6 18. Nd2 Qd1+ 19. Nf1 Bc5 20.
Be3 Qxa1 21. Qb7 Bxe3 22. fxe3 Rf8 0-1

[Event "Lansing August Mini-Swiss"]
[Site "Lansing, MI"]
[Date "1990.08.12"]
[Round "2"]
[White "Sobocinski, Mike"]
[Black "Aldrich, Jeff"]
[Result "0-1"]
[WhiteElo "1784"]
[BlackElo "1711"]
[PlyCount "50"]
[EventDate "1990.08.12"]

1. d4 d5 2. e4 c6 3. e5 Bf5 4. Nd2 e6 5. Ne2 Ne7 6. Nb3 Nd7 7. Bg5 Qc7 8. Nc3
f6 9. exf6 gxf6 10. Bh4 O-O-O 11. Qe2 Re8 12. Kd1 e5 13. dxe5 fxe5 14. g4 Bg6
15. Bh3 d4 16. Ne4 Nd5 17. g5 Nf4 18. Bxd7+ Qxd7 19. Nf6 Qf5 20. Qd2 Bb4 21.
Nxe8 Rxe8 22. c3 dxc3 23. bxc3 Rd8 24. Nd4 Rxd4 25. cxd4 Bxd2 0-1

[Event "U.S. Open"]
[Site "Jacksonville, Fla."]
[Date "1990.08.12"]
[Round "7"]
[White "Moody, David"]
[Black "Gallegos, Paul"]
[Result "1/2-1/2"]
[WhiteElo "2112"]
[BlackElo "2218"]
[PlyCount "98"]
[EventDate "1990.08.05"]

1. e4 c5 2. Nf3 d6 3. d4 cxd4 4. Nxd4 Nf6 5. Nc3 a6 6. Bg5 e6 7. f4 Be7 8. Qf3
Qc7 9. O-O-O Nbd7 10. Bd3 h6 11. h4 b5 12. g4 Bb7 13. Bxf6 gxf6 14. g5 hxg5 15.
hxg5 Rg8 16. Rh7 Nf8 17. g6 Rxg6 18. Rxf7 Kxf7 19. Qh5 Ke8 20. f5 Qc5 21. Be2
Kd7 22. fxg6 Qg5+ 23. Qxg5 fxg5 24. g7 Ng6 25. Bg4 Nf4 26. Nd5 Bxd5 27. exd5
Bf6 28. dxe6+ Kc7 29. Nf5 Be5 30. e7 Re8 31. Rh1 Bxg7 32. Nxg7 Rxe7 33. Rh7 Kb6
34. Bf5 Re1+ 35. Kd2 Ra1 36. a3 Ra2 37. Kc3 Ra1 38. Ne6 Nd5+ 39. Kb3 a5 40. c3
a4+ 41. Kc2 Ne3+ 42. Kd3 Nxf5 43. Nxg5 Rg1 44. Ne4 d5 45. Nd2 Rg3+ 46. Ke2 Rg2+
47. Kd3 Rg3+ 48. Ke2 Rg2+ 49. Kd3 Rg3+ 1/2-1/2

[Event "Lansing August Mini-Swiss"]
[Site "Lansing, MI"]
[Date "1990.08.12"]
[Round "1"]
[White "Gregory, Kevin"]
[Black "Aldrich, Jeff"]
[Result "1-0"]
[WhiteElo "1798"]
[BlackElo "1711"]
[PlyCount "111"]
[EventDate "1990.08.12"]

1. e4 c6 2. d4 d5 3. exd5 cxd5 4. c4 Nf6 5. Nc3 Bf5 6. Qb3 Qd7 7. cxd5 e6 8.
Bb5 Nc6 9. dxc6 bxc6 10. Be2 Qxd4 11. Be3 Qb4 12. Qxb4 Bxb4 13. a3 Ba5 14. b4
Bc7 15. Bf3 Nd5 16. Nxd5 cxd5 17. Bc5 Bb6 18. Ne2 Rc8 19. Rc1 Bxc5 20. Rxc5
Rxc5 21. bxc5 O-O 22. Nd4 Bd3 23. Be2 Bxe2 24. Kxe2 Rc8 25. Rc1 Kf8 26. Nb5 a6
27. Nd6 Rc6 28. Kd3 e5 29. Nb7 Rc7 30. Rb1 Ke7 31. Rb6 Kd7 32. Rxa6 Rc6 33.
Rxc6 Kxc6 34. Nd8+ Kxc5 35. Nxf7 e4+ 36. Kc3 d4+ 37. Kd2 Kc4 38. a4 Kb4 39. Nd6
e3+ 40. fxe3 dxe3+ 41. Kxe3 Kxa4 42. h4 Kb4 43. Ke4 Kc5 44. Ke5 h6 45. h5 Kc6
46. Ne8 Kd7 47. Nxg7 Ke7 48. Nf5+ Kf7 49. Nxh6+ Kg7 50. Nf5+ Kh7 51. Kf6 Kg8
52. Kg6 Kh8 53. g4 Kg8 54. g5 Kh8 55. Kf7 Kh7 56. g6+ 1-0

[Event "Lansing August Mini-Swiss"]
[Site "Lansing, MI"]
[Date "1990.08.12"]
[Round "3"]
[White "Aldrich, Jeff"]
[Black "Sundeen, David"]
[Result "1-0"]
[WhiteElo "1711"]
[BlackElo "1699"]
[PlyCount "149"]
[EventDate "1990.08.12"]

1. d4 Nf6 2. c4 e6 3. Nc3 Bb4 4. Qc2 c5 5. Nf3 Nc6 6. e3 cxd4 7. exd4 d5 8. Bd2
O-O 9. a3 Bxc3 10. Bxc3 dxc4 11. Bxc4 Qc7 12. Ba2 b6 13. Rd1 Bb7 14. Bb1 g6 15.
Qd2 Nd5 16. O-O Nxc3 17. bxc3 Ne7 18. Ne5 Rad8 19. Qe3 Nd5 20. Qh6 Nxc3 21. Rd3
Nxb1 22. Rxb1 Be4 23. Rh3 f6 24. Rc1 Qb7 25. Nf3 Bxf3 26. Rxf3 Rxd4 27. Qe3 Qd5
28. Qe1 e5 29. Rfc3 Rd8 30. Kf1 f5 31. Re3 e4 32. f3 Qb5+ 33. Kg1 exf3 34. gxf3
Qd7 35. Re7 Rd1 36. Rxd1 Qxd1 37. Qxd1 Rxd1+ 38. Kg2 a5 39. Re8+ Kf7 40. Rb8
Rb1 41. Rb7+ Kg8 42. h3 b5 43. Kg3 b4 44. axb4 Rxb4 45. Ra7 Ra4 46. h4 Ra1 47.
Kf4 a4 48. Kg5 a3 49. Kf6 h5 50. Kxg6 Rg1+ 51. Kxh5 Ra1 52. Kg6 Rg1+ 53. Kxf5
Ra1 54. h5 a2 55. h6 Kh8 56. f4 Rh1 57. Rxa2 Rxh6 58. Ra7 Rh1 59. Kf6 Rh6+ 60.
Kg5 Rh1 61. f5 Rg1+ 62. Kf6 Rf1 63. Re7 Rg1 64. Re5 Ra1 65. Re8+ Kh7 66. Kf7
Rf1 67. f6 Rf2 68. Re7 Kh8 69. Re6 Ra2 70. Kf8 Ra8+ 71. Re8 Ra7 72. Rd8 Kh7 73.
f7 Kg6 74. Rd6+ Kh7 75. Ke8 1-0

[Event "U.S. Open"]
[Site "Jacksonville, Fla."]
[Date "1990.08.13"]
[Round "8"]
[White "Tew, David"]
[Black "Moody, David"]
[Result "1-0"]
[WhiteElo "2238"]
[BlackElo "2112"]
[PlyCount "99"]
[EventDate "1990.08.05"]

1. c4 e5 2. Nc3 Nc6 3. g3 Nf6 4. Bg2 g6 5. d3 Bg7 6. h4 d6 7. Nd5 Bf5 8. Bg5 h6
9. Bxf6 Bxf6 10. h5 Bg7 11. hxg6 Bxg6 12. Nf3 Ne7 13. Nh4 c6 14. Nxe7 Qxe7 15.
Be4 Qg5 16. Qd2 f5 17. Qxg5 hxg5 18. Nxg6 Rxh1+ 19. Bxh1 Kf7 20. Nxe5+ Bxe5 21.
O-O-O Rh8 22. e3 Rh2 23. d4 Bg7 24. Rf1 f4 25. gxf4 gxf4 26. Be4 Ke7 27. Kd2
fxe3+ 28. Kxe3 Rh3+ 29. f3 Rh2 30. Rb1 Kd7 31. a4 b6 32. b3 c5 33. dxc5 dxc5
34. Rd1+ Bd4+ 35. Kf4 Ke6 36. Bd5+ Kd6 37. Kg3 Rb2 38. Rd3 Rc2 39. f4 Rc3 40.
Rf3 Rxf3+ 41. Bxf3 a5 42. Kg4 Ke7 43. Kf5 Kf8 44. Ke6 Bc3 45. f5 Bd4 46. Kd5
Kf7 47. b4 axb4 48. Kc6 Ke7 49. Kxb6 Kd6 50. a5 1-0

[Event "U.S. Open"]
[Site "Jacksonville, Fla."]
[Date "1990.08.14"]
[Round "9"]
[White "Moody, David"]
[Black "Bendana, Guy"]
[Result "0-1"]
[WhiteElo "2112"]
[BlackElo "1937"]
[PlyCount "34"]
[EventDate "1990.08.05"]

1. e4 e5 2. Nf3 Nc6 3. d4 exd4 4. Bc4 Nf6 5. O-O Nxe4 6. Re1 d5 7. Bxd5 Qxd5 8.
Nc3 Qa5 9. Nxe4 Be6 10. Neg5 O-O-O 11. Nxe6 fxe6 12. Rxe6 Qf5 13. Qe2 h6 14.
Nh4 Qf7 15. Ng6 Rg8 16. Bf4 d3 17. cxd3 Nd4 0-1

[Event "Houseman's Open"]
[Site "Jacksonville, Fla."]
[Date "1990.08.15"]
[Round "4"]
[White "Weeramantry, Sunil"]
[Black "Moody, David"]
[Result "1-0"]
[WhiteElo "2403"]
[BlackElo "2112"]
[PlyCount "45"]
[EventDate "1990.08.15"]

1. e4 e5 2. Nf3 Nc6 3. d4 exd4 4. Bc4 Nf6 5. e5 d5 6. Bb5 Ne4 7. Nxd4 Bc5 8.
Be3 Bd7 9. Bxc6 bxc6 10. O-O O-O 11. f3 Ng5 12. f4 Ne4 13. Nd2 Bxd4 14. Bxd4
Bf5 15. Nxe4 Bxe4 16. Qg4 Qe7 17. f5 h5 18. Qg3 Qd7 19. Qg5 Rae8 20. Rf4 f6 21.
exf6 c5 22. fxg7 Rf7 23. Qxh5 1-0

[Event "Houseman's Open"]
[Site "Jacksonville, Fla."]
[Date "1990.08.15"]
[Round "2"]
[White "Moody, David"]
[Black "Riddle, Ira Lee"]
[Result "1-0"]
[WhiteElo "2112"]
[BlackElo "1522"]
[PlyCount "21"]
[EventDate "1990.08.15"]

1. e4 e5 2. Nf3 Nf6 3. Bc4 d6 4. Ng5 Bg4 5. Bxf7+ Ke7 6. f3 h6 7. fxg4 hxg5 8.
Bc4 Nxe4 9. d3 Nd7 10. dxe4 Ke8 11. Qd5 1-0

[Event "Houseman's Open"]
[Site "Jacksonville, Fla."]
[Date "1990.08.15"]
[Round "3"]
[White "Moody, David"]
[Black "Kaufman, Allen"]
[Result "1-0"]
[WhiteElo "2112"]
[BlackElo "2232"]
[PlyCount "89"]
[EventDate "1990.08.15"]

1. e4 c5 2. Nf3 e6 3. d3 d5 4. Nbd2 Nc6 5. g3 g6 6. Bg2 Bg7 7. O-O Nge7 8. Re1
O-O 9. Nf1 Nd4 10. c3 Nxf3+ 11. Bxf3 Bd7 12. h4 Bc6 13. Qe2 Qd7 14. Be3 d4 15.
Bd2 Rfd8 16. c4 Rab8 17. b3 b5 18. Rab1 Rb7 19. Nh2 Rdb8 20. Ng4 bxc4 21. dxc4
Rf8 22. Nh6+ Kh8 23. h5 f5 24. hxg6 Nxg6 25. Kg2 d3 26. Qe3 Bd4 27. Qg5 fxe4
28. Bxe4 Rxf2+ 29. Kh3 Bxe4 30. Rxe4 Bf6 31. Qe3 Re2 32. Qf3 e5+ 33. g4 Bg7 34.
Rxe2 dxe2 35. Qxe2 Qd8 36. g5 Rd7 37. Qf3 Nf4+ 38. Bxf4 exf4 39. Qxf4 Rd3+ 40.
Kg2 Qa8+ 41. Kh2 Qe8 42. Re1 Qh5+ 43. Kg2 Qh3+ 44. Kf2 Bd4+ 45. Qxd4+ 1-0

[Event "Houseman's Open"]
[Site "Jacksonville, Fla."]
[Date "1990.08.15"]
[Round "1"]
[White "Burg, Dan"]
[Black "Moody, David"]
[Result "0-1"]
[WhiteElo "1906"]
[BlackElo "2112"]
[PlyCount "70"]
[EventDate "1990.08.15"]

1. e4 e5 2. Nf3 Nc6 3. Bc4 Nf6 4. Ng5 d5 5. exd5 Na5 6. Bb5+ c6 7. dxc6 bxc6 8.
Be2 h6 9. Nf3 e4 10. Ne5 Bd6 11. d4 Qc7 12. f4 O-O 13. O-O c5 14. c3 Bb7 15.
Nd2 Rfd8 16. b3 cxd4 17. cxd4 Qc3 18. Rb1 Qxd4+ 19. Kh1 Bxe5 20. fxe5 Qxe5 21.
Qe1 e3 22. Nc4 Nxc4 23. bxc4 Bxg2+ 24. Kxg2 Qe4+ 25. Bf3 Qxb1 26. Bxa8 Qxa2+
27. Kh1 e2 28. Rg1 Rd1 29. Qxd1 exd1=Q 30. Rxd1 Qxc4 31. Rg1 Qh4 32. Bd2 Ne4
33. Bxe4 Qxe4+ 34. Rg2 Qf3 35. Bxh6 Qxg2+ 0-1

[Event "U.S. Open"]
[Site "Jacksonville, Fla."]
[Date "1990.08.15"]
[Round "10"]
[White "Brady, Lindell"]
[Black "Moody, David"]
[Result "1-0"]
[WhiteElo "1946"]
[BlackElo "2112"]
[PlyCount "55"]
[EventDate "1990.08.05"]

1. e4 e5 2. Nf3 Nc6 3. Bb5 a6 4. Ba4 Nf6 5. Bxc6 dxc6 6. d3 Bd6 7. Nbd2 O-O 8.
Nc4 Re8 9. O-O Bg4 10. Ne3 Bh5 11. Nf5 Bf8 12. h3 Bxf3 13. Qxf3 g6 14. Nh6+ Kg7
15. Ng4 Nxg4 16. Qxg4 Kh8 17. Kh1 Bg7 18. f4 Rf8 19. f5 gxf5 20. Rxf5 Qe7 21.
Bd2 Rg8 22. Qh5 f6 23. Raf1 Qe8 24. Qxe8 Raxe8 25. Be1 Rd8 26. Bh4 c5 27. Bxf6
c4 28. Bxd8 1-0

[Event "U.S. Open"]
[Site "Jacksonville, Fla."]
[Date "1990.08.16"]
[Round "11"]
[White "Moody, David"]
[Black "Simmons, Thomas"]
[Result "0-1"]
[WhiteElo "2112"]
[BlackElo "1885"]
[PlyCount "76"]
[EventDate "1990.08.05"]

1. e4 e6 2. d4 d5 3. Nc3 Bb4 4. e5 Ne7 5. a3 Bxc3+ 6. bxc3 c5 7. Nf3 Nbc6 8. a4
Bd7 9. Bb5 Rc8 10. Ba3 cxd4 11. cxd4 a6 12. Bxc6 Bxc6 13. O-O h6 14. Qd2 Qd7
15. Qb4 Ng6 16. Rfb1 Rc7 17. Bc1 Qe7 18. Qb6 O-O 19. Ba3 Qd7 20. Bd6 Rcc8 21.
Bxf8 Nxf8 22. Rb4 f6 23. h3 Qf7 24. Nd2 Nd7 25. Qa7 fxe5 26. dxe5 Nxe5 27. Nb3
Qg6 28. Nd4 Rf8 29. Ra3 Qe4 30. Qc5 Qe1+ 31. Kh2 Qxf2 32. Rg3 Nf3+ 33. Rxf3
Rxf3 34. Qd6 Rf6 35. Nxc6 bxc6 36. Qxc6 Qe2 37. Rg4 Qe5+ 38. Kg1 h5 0-1

[Event "U.S. Open"]
[Site "Jacksonville, Fla."]
[Date "1990.08.17"]
[Round "12"]
[White "Rice, Joseph"]
[Black "Moody, David"]
[Result "0-1"]
[WhiteElo "2015"]
[BlackElo "2112"]
[PlyCount "52"]
[EventDate "1990.08.05"]

1. d4 Nf6 2. c4 c5 3. d5 e6 4. dxe6 fxe6 5. Nf3 Nc6 6. Nc3 d5 7. e3 Be7 8. Be2
O-O 9. O-O d4 10. Nb5 a6 11. Nbxd4 cxd4 12. exd4 Qc7 13. b3 Rd8 14. Bb2 e5 15.
d5 e4 16. Nd4 Ne5 17. h3 Ng6 18. Qd2 Qf4 19. Qc3 Bd6 20. g3 Qh6 21. h4 Nxh4 22.
gxh4 Qxh4 23. f4 exf3 24. Nxf3 Qg3+ 25. Kh1 Ne4 26. Qe3 Qh3+ 0-1

[Event "Michigan Open Warm-Up"]
[Site "Grand Rapids, Mich."]
[Date "1990.08.25"]
[Round "1"]
[White "Moody, David"]
[Black "Garrison, Ray"]
[Result "1-0"]
[WhiteElo "2112"]
[BlackElo "1801"]
[PlyCount "30"]
[EventDate "1990.08.25"]

1. e4 d5 2. Nc3 c6 3. Nf3 Bg4 4. h3 Bh5 5. exd5 cxd5 6. g4 Bg6 7. Ne5 Qc7 8. d4
e6 9. Bf4 Bb4 10. Bb5+ Nc6 11. Nxg6 Qa5 12. Bxc6+ bxc6 13. Nxh8 Bxc3+ 14. bxc3
Qxc3+ 15. Kf1 Rb8 1-0

[Event "Michigan Open Warm-Up"]
[Site "Grand Rapids, Mich."]
[Date "1990.08.25"]
[Round "3"]
[White "Moody, David"]
[Black "Chehayeb, Salah"]
[Result "0-1"]
[WhiteElo "2112"]
[BlackElo "2144"]
[PlyCount "22"]
[EventDate "1990.08.25"]

1. e4 c5 2. Nf3 d6 3. d4 cxd4 4. Nxd4 Nf6 5. Nc3 g6 6. Be3 Bg7 7. f3 O-O 8. Bc4
Nc6 9. Qd2 Bd7 10. O-O-O Rc8 11. h4 Nxd4 0-1

[Event "Michigan Open Warm-Up"]
[Site "Grand Rapids, Mich."]
[Date "1990.08.25"]
[Round "2"]
[White "Fuller, William"]
[Black "Moody, David"]
[Result "0-1"]
[WhiteElo "2060"]
[BlackElo "2112"]
[PlyCount "68"]
[EventDate "1990.08.25"]

1. Nf3 f5 2. d3 Nf6 3. g3 d6 4. Bg2 e5 5. O-O Be7 6. Nbd2 O-O 7. c3 e4 8. dxe4
fxe4 9. Qb3+ d5 10. Ng5 c5 11. c4 h6 12. cxd5 hxg5 13. d6+ Kh8 14. dxe7 Qxe7
15. Nc4 Nc6 16. Bxg5 Nd4 17. Qd1 Be6 18. Ne5 Bf5 19. f4 Rad8 20. Qe1 Nc2 21.
Qf2 Nxa1 22. g4 Bh7 23. Qh4 Kg8 24. Rxa1 Qd6 25. e3 Qd2 26. f5 Qxb2 27. Rf1
Qxe5 28. Bf4 Qb2 29. g5 Bxf5 30. gxf6 Rxf6 31. Bg5 Rd2 32. Qg3 Rxg2+ 33. Qxg2
Qxg2+ 34. Kxg2 Bh3+ 0-1

[Event "Toledo Swiss (September)"]
[Site "Toledo, Ohio"]
[Date "1990.09.22"]
[Round "2"]
[White "Moody, David"]
[Black "Smith, Mike A"]
[Result "1-0"]
[WhiteElo "2105"]
[BlackElo "1797"]
[PlyCount "133"]
[EventDate "1990.09.22"]

1. e4 c6 2. d4 d5 3. exd5 cxd5 4. Bd3 Nf6 5. Bf4 Bg4 6. f3 Bh5 7. c3 Nc6 8. Ne2
e6 9. O-O Bd6 10. Nd2 Bg6 11. Nb3 Bxd3 12. Qxd3 O-O 13. Qe3 Na5 14. Bxd6 Nc4
15. Qf4 Nxd6 16. Nc5 b6 17. Nd3 Rc8 18. Ng3 Qc7 19. Rae1 Nc4 20. Qh4 Qc6 21.
Ne5 Qb5 22. Nxc4 Rxc4 23. Rf2 Rfc8 24. f4 Qa5 25. a3 Rxd4 26. b4 Qxa3 27. cxd4
Qxb4 28. Rd1 Rc4 29. Rfd2 a5 30. Nh5 Ne4 31. Qd8+ Qf8 32. Qxf8+ Kxf8 33. Rb2
Nc3 34. Rd3 b5 35. Ng3 a4 36. Rxc3 Rxc3 37. Rxb5 Rc1+ 38. Kf2 a3 39. Ra5 Rc2+
40. Ne2 a2 41. Ra7 Ke8 42. Ke3 Kd8 43. g3 Kc8 44. Kd3 Rb2 45. Nc3 Rxh2 46. Rxa2
Rh3 47. Ne2 h5 48. Ra7 h4 49. Rxf7 hxg3 50. Rxg7 g2+ 51. Kd2 Rh2 52. Ke1 Rh1+
53. Kf2 g1=Q+ 54. Rxg1 Rxg1 55. Nxg1 Kd7 56. Kg3 Ke7 57. Kg4 Kf6 58. Ne2 Kg6
59. Ng3 Kf6 60. Kh5 Kf7 61. Kg5 Kg7 62. Nh5+ Kf7 63. Kh6 Ke7 64. Kg6 Kd6 65.
Kf6 Kd7 66. Ng7 Kd6 67. Nxe6 1-0

[Event "Toledo Swiss (September)"]
[Site "Toledo, Ohio"]
[Date "1990.09.22"]
[Round "4"]
[White "Moody, David"]
[Black "Dlugas, Dan"]
[Result "0-1"]
[WhiteElo "2105"]
[BlackElo "1819"]
[PlyCount "58"]
[EventDate "1990.09.22"]

1. e4 Nf6 2. Nc3 e5 3. Bc4 Nxe4 4. Qh5 Nd6 5. Bb3 Nc6 6. Nb5 g6 7. Qf3 f5 8.
Qd5 Qe7 9. Nxc7+ Kd8 10. Nxa8 b6 11. d3 Bb7 12. Qf3 Nd4 13. Qg3 f4 14. Qg4 g5
15. h4 h5 16. Qxg5 Qxg5 17. hxg5 Bxg2 18. Rh2 Bxa8 19. c3 N4f5 20. d4 Bg7 21.
dxe5 Bxe5 22. Ne2 f3 23. Bf4 Re8 24. Bxe5 Rxe5 25. Rxh5 Rxe2+ 26. Kf1 Ne4 27.
Rh2 Bc6 28. Bf7 Nxg5 29. Bc4 Ne3+ 0-1